000 00589nam a2200205Ia 4500
005 20250326143907.0
008 250326s9999 xx 000 0 und d
020 _a3-681-55894-5
037 _aTextbook
040 _aFMSL
_beng
_cFMSL
041 _aeng
_2eng
084 _aX64.44 P7
_qFMSL
100 _aFendel R
_9748683
245 0 _aMonetary policy, interest rate rules and the term structure of interest rates
_cFendel R
260 _aNY
_bNY, Peter Lang
_c2007
300 _a187p
365 _b72838.515195
942 _cTB
_hX64.44 P7
999 _c1301516
_d1301516